20 Biggest Inland U.S. Cities - Statistics

General Stats
  • This quiz has been taken 30 times
  • The average score is 17 of 20
Answer Stats
Population Answer % Correct
734,718 Denver
100%
946,661 Columbus
96%
1.3m Dallas
96%
602,184 Memphis
96%
712,581 Nashville
96%
1.7m Phoenix
96%
1.0m Austin
93%
893,619 Indianapolis
93%
694,501 Las Vegas
93%
1.0m Charlotte
89%
2.7m Chicago
89%
727,836 Oklahoma City
89%
1.6m San Antonio
89%
649,374 Detroit
86%
1.0m Fort Worth
82%
1.6m Philadelphia
79%
717,916 Washington D.C.
79%
682,893 El Paso
75%
645,270 Louisville
64%
627,040 Portland
64%
No matching quizzes found
Score Distribution
Percent of People with Each Score
Percentile by Number Answered
Your Score History
You have not taken this quiz